Your home and compulsory purchase / (Record no. 7693)
[ view plain ]
| 000 -LEADER | |
|---|---|
| fixed length control field | 00950nam a2200301 a 4500 |
| 001 - CONTROL NUMBER | |
| JCCL Control Number | 7693 |
| 003 - CONTROL NUMBER IDENTIFIER | |
| JCCL marc code | BD - JhCC |
| 005 - DATE AND TIME OF LATEST TRANSACTION | |
| control field | 20180920124925.0 |
| 008 - FIXED-LENGTH DATA ELEMENTS--GENERAL INFORMATION | |
| fixed length control field | 940504s19739999enk f000 0 eng d |
| 035 ## - SYSTEM CONTROL NUMBER | |
| system control number | (BD-JhCC)7693 |
| 040 ## - CATALOGING SOURCE | |
| Original cataloging agency | BD-JhCC |
| Modifying agency | BD-JhCC |
| 041 ## - LANGUAGE CODE | |
| Language code of Book | eng |
| 082 ## - DEWEY DECIMAL CLASSIFICATION NUMBER | |
| Author mark and Year | DEM 1962 |
| Classification number | 344.203252 |
| 100 ## - MAIN ENTRY--PERSONAL NAME | |
| Personal name | Dempster, J. J. B. |
| 245 00 - TITLE STATEMENT | |
| Title | Your home and compulsory purchase / |
| Statement of responsibility, etc | Dempster, J. J. B. |
| 250 ## - EDITION STATEMENT | |
| Edition statement | [Various eds.] |
| 260 ## - PUBLICATION, DISTRIBUTION, ETC. (IMPRINT) | |
| Place of publication, distribution, etc | Bradford : |
| Name of publisher, distributor, etc | Department of the Environment ; |
| Place of publication, distribution, etc | [s.l.] : |
| Name of publisher, distributor, etc | Welsh Office, |
| Date of publication, distribution, etc | 1973- |
| 300 ## - PHYSICAL DESCRIPTION | |
| Pagination | v. ; |
| Dimensions | 21 cm |
| 500 ## - GENERAL NOTE | |
| General note | Title from cover |
| 650 #0 - SUBJECT ADDED ENTRY--TOPICAL TERM | |
| Topical term or geographic name as entry element | Compensation (Law) |
| Geographic subdivision | England |
| 650 #0 - SUBJECT ADDED ENTRY--TOPICAL TERM | |
| Topical term or geographic name as entry element | Eminent domain |
| Geographic subdivision | England |
| 710 1# - ADDED ENTRY--CORPORATE NAME | |
| Corporate name or jurisdiction name as entry element | Great Britain. |
| Subordinate unit | Department of the Environment. |
| 710 1# - ADDED ENTRY--CORPORATE NAME | |
| Corporate name or jurisdiction name as entry element | Great Britain. |
| Subordinate unit | Welsh Office. |
| 710 1# - ADDED ENTRY--CORPORATE NAME | |
| Corporate name or jurisdiction name as entry element | Great Britain. |
| Subordinate unit | Central Office of Information. |
| 830 #0 - SERIES ADDED ENTRY--UNIFORM TITLE | |
| Uniform title | Land compensation : your rights explained ; |
| Volume number/sequential designation | 1 |
| 942 ## - ADDED ENTRY ELEMENTS (KOHA) | |
| Source of classification or shelving scheme | Dewey Decimal Classification |
| Koha item type | Books |
| Source of classification or shelving scheme | Damaged status | Not for loan | Home library | Current library | Shelving location | Total Checkouts | Full call number | Barcode | Date last seen | Copy number | Koha item type |
|---|---|---|---|---|---|---|---|---|---|---|---|
| Dewey Decimal Classification | JCC Rouf Library | JCC Rouf Library | General Stacks | 344.203252 DEM 1962 | 827 | 02/13/2018 | C -1 | Books |